Statistics for EXTREME Name a City - European Countries

Click here to take the quiz!

General Stats

  • This quiz has been taken 369 times
  • The average score is 27 of 43

Answer Stats

# of Accepted Cities Country Accepted Cities Answer % Correct
145ItalyMilan | Naples | Turin | Palermo | Genoa | Bologna | Florence | Bari | Catania | Venice | Verona | Taranto | Messina | Trieste | Padua | Cagliari | Reggio Calabria | Modena | Parma | Livorno | Dish | Foggia | Salerno | Perugia | Ferrara | Ravenna | Reggio Emilia | Rimini | Syracuse | Sassari | Pescara | Monza | Bergamo | Forli | Terni | Vicenza | Latina | Piacenza | Trento | La Spezia | Terre del Greco | Ancona | Novara | Lecce | Udine | Pisa | Bolzano | Catanzaro | Brindisi | Arezzo | Alessandria | Andria | Barletta | Pesaro | Cesena | Pistoia | Lucca | How | Sesto San Giovanni | Cosenza | Varese | Treviso | Marsala | Casoria | Bust Arsizio | Pavia | Cinisello Balsamo | Pozzuoli | Cremona | Asti | Ice | Grosseto | Lamezia Terme | Trapani | Corigliano | Caserta | Portici | Castellammare di Stabia | Ragusa | Carrara | Savona | Molfetta | L'Aquila | Pasta | Potenza | Imola | Benevento | Quartu Sant'Elena | Caltanissetta | Ercolano | Carpi | Vigevano | Giugliano | Afragola | Moncalieri | Crotone | Viterbo | Manfredonia | Altamura | Guidonia Montecelio | Siena | Sanremo | Chieti | Cuneo | Avellino | Agrigento | Vittoria | Matera | Faenza | Aversa | Bitonto | Scandicci | Cava de 'Tirreni | Rovigo | Tivoli | Rho | Teramo | Civitavecchia | Modica | Trani | Pordenone | Legnano | Marano di Napoli | Mazara del Vallo | Battipaglia | Bagheria | Aprilia | Acireale | Gallarte | Fiumicino | Acerra | Olbia | Misterbianco | Scafati | Pomezia | Montesilvano | Anzio | Brescia | Viareggio | San Severo | Cerignola | Fano | Foligno | Bisceglie | VelletriMilan | Naples | Turin | Palermo | Genoa | +140 more
98%
119FranceLyon | Marseille | Lille | Toulouse | Nice | Bordeaux | Nantes | Toulon | Grenoble | Douai | Rouen | Strasbourg | Avignon | Montpellier | Saint-Etienne | Bethune | Tours | Valenciennes | Rennes | Nancy | Metz | Orleans | Clermont-Ferrand | Mulhouse | Dijon | Bayonne | Le Havre | Angers | Reims | Le Mans | Brest | Perpignan | Caen | Pau | Chambery | Nimes | Annemasse | Limoges | Dunkirk | Annecy | Amiens | Saint-Nazaire | Troyes | Besancon | Thionville | Valence | Poitiers | La Rochelle | Creil | Lorient | Maubeuge | Angouleme | Montbeliard | Calais | Frejus | Ales | Vienne | Colmar | Saint-Brieuc | Beziers | Sete | Cluses | Chartres | Arras | Boulogne-sur-Mer | Forbach | Cherbourg-en-Cotentin | Agen | Bourges | Draguignan | Belfort | Roanne | Vannes | Quimper | Montauban | Armentieres | Thonon-les-Bains | Tarbex | Meaux | Brive-la-Gaillarde | Chalon-sur-Saone | Albi | Niort | Compiegne | Ajaccio | Menton | Bastia | Laval | Blois | La Teste de Buch | Periguex | Bergerac | Saint-Quentin | Saint-Omer | Salon-de-Provence | Saint-Just | Epinal | Bourg-en-Bresse | Chateauroux | Beauvais | Haguenau | Bourgoin-Jallieu | Evreux | Cholet | Charleville-Mezieres | chalons-en-Champagne | Romans-sur-Isere | Nevers | Montelimar | Castres | Montargis | Arles | Montlucon | Narbonnne | La Roche-sur-Yon | Saint-Cyprien | Lunel | Rodez | DaxLyon | Marseille | Lille | Toulouse | Nice | +114 more
97%
189GermanyHamburg | Munich | Cologne | Frankfurt | Stuttgart | Dusseldorf | Leipzig | Dortmund | Essen | Bremen | Dresden | Hanover | Nuremberg | Duisburg | Bochum | Wuppertal | Bielefeld | Bonn | Munster | Karlsruhe | Mannheim | Augsburg | Wiesbaden | Monchengladbach | Gelsenkirchen | Brunswick | Kiel | Aachen | Chemnitz | Halle | Magdeburg | Freiburg | Krefeld | Lubeck | Mainz | Erfurt | Oberhausen | Rostok | Kassel | Hagen | Saarbrucken | Hamm | Potsdam | Ludwigshafen | Mulheim | Oldenburg | Osnabruck | Leverkusen | Heidenberg | Solingen | Darmstadt | Herne | Nuess | Regensburg | Paderborn | Ingolstadt | Offenbach | Wurzburg | Furth | Ulm | Heilbronn | Pforzheim | Wolfsburg | Gottingen | Bottrop | Reutlingen | Koblenz | Bremerhaven | Recklinghausen | Bergischgladbach | Erlangen | Jena | Remscheid | Trier | Salzgitter | Moers | Siegen | Hildesheim | Cottbus | Gutersloh | Kaiserslautern | Witten | Hanau | Schwerin | Gera | Esslingen | Ludwigsburg | Iserlohn | Duren | Tubingen | Zwickau | Flensburg | Giessen | Ratingen | Lunen | Villingen | Konstanz | Marl | Worms | Velbert | Minden | Dessau | Meumunster | Norderstedt | Delmenhorst | Bamberg | Viersen | Marburg | Wilhelmshaver | Rheine | Gladbeck | Luneburg | Troisdorf | Dorsten | Bayreuth | Detmold | Arnsberg | Castrop | Ludenscheid | Landshut | Brandenburg | Bocholt | Aschaffenburg | Celle | Kempten | Fulda | Aalen | Lippstadt | Dinslaken | Herford | Kerpen | Russelsheim | Weimar | Plauen | Sindelfingen | Neuwied | Dormagen | Neubrandenburg | Grevenbroich | Herten | Bergheim | Schwabisch | Friedrichshafwen | Garbsen | Wesel | Hurth | Offenburg | Stralsund | Greifswald | Langenfeld | Neu-Ulm | Unna | Euskirchen | Frankfurt | Goppingen | Hameln | Stolberg | Eschweiler | Gorlitz | Meerbusch | Sankt Augustin | Hilden | Waiblingen | Baden-Baden | Hattingen | Lingen | Bad Homburg | Langenhagen | Bad Salzuflen | Pulheim | Schweinfurt | Nordhorn | Neustadt | Wetzlar | Menden | Ahlen | Frechen | Passau | Wolfenbuttel | Ibbenburn | Kleve | Bad Kreuznach | Goslar | Gummersbach | Ravensburg | Willich | Speyer | Emden | BoblingenHamburg | Munich | Cologne | Frankfurt | Stuttgart | +184 more
97%
146SpainBarcelona | Valencia | Sevilla | Zaragoza | Malaga | Murcia | Palma de Mallorca | Las Palmas | Bilbao | Alicante | Cordoba | Valladolid | Vigo | Gijon | L'Hospitalet de Llobregat | Victoria-Gastiez | A Coruna | Elche | Granada | Terrassa | Badalona | Oviedo | Cartagena | Sabadell | Jerez de la Frontera | Mostoles | Santa Cruz de Tenerife | Pamplona | Almeria | Alcala de Henares | Fuenlabrada | Leganes | San Sebastian / Donostia | Getafe | Burgos | Albacete | Santander | Castellon de la Plana | Alcorcon | La Laguna | Logrono | Badajoz | Salamanca | Huelva | Marbella | Lleida | Tarragona | Dos Hermanas | Torrejon de Ardoz | Parla | Mataro | Leon | Algeciras | Santa Coloma de Gramenet | Alcobendas | Cadiz | Jaen | Orense | Reus | Telde | Girona | Barakaldo | Lugo | Santiago de Compostela | Roquetas de Mar | Caceres | Las Rozas de Madrid | San Fernando | Lorca | Sant Cugat del Valles | San Sebastian de los Reyes | Cornella de Llobregat | El Puerto de Santa Maria | Rivas-Vaciamadrid | Melilla | Pozuelo de Alarcon | Guadalajara | Toledo | Ceuta | Chiclana de la Frontera | Sant Boi de Llobregat | El Ejido | Talavera de la Reina | Torrevieja | Pontevedra | Mijas | Torrente | Coslada | Velez-Malaga | Arona | Fuengirola | Palencia | Aviles | Guecho / Gexto | Manresa | Rubi | Orihuela | Valdemoro | Acala de Guadaira | Ciudad Real | Gandia | Santa Lucia de Tirajana | Molina de Segura | Majadahonda | Paterna | Bendicorm | Sanlucar de Barramenda | Vilanova i la Geltru | Castelldefels | Vilanova i la Geltru | Castelldefels | Viladecans | Sagunto | Ferrol | Ponferrada | El Prat de Llobregat | Collado Villalba | La Linea de Concepcion | Arrecife | Irun | Zamora | Granollers | Aranjuez | Merida | Alcoy | San Vicente del Raspeig | Motril | Avila | Linares | Cerdanyola del Valles | Arganda del Rey | Cuenca | Boadilla del Monte | San Bartolome de Tirajana | Huesca | Elda | Pinto | Segovia | Siero | Torrelavega | Mollet del Valles | Villarreal | Colmenar Viejo | Utrera | Calvia | Granadilla de AbonaBarcelona | Valencia | Sevilla | Zaragoza | Malaga | +141 more
96%
203United KingdomBirmingham | Glasgow | Liverpool | Bristol | Manchester | Sheffield | Leeds | Edinburgh | Leicester | Coventry | Bradford | Cardiff | Belfasst | Nottingham | Kington upon Hull / Hull | Newcastle | Stoke | Southampton | Derby | Portsmouth | Plymouth | Brighton and Hove | Plymouth | Reading | Northampton | Luton | Wolverhampton | Bolton | Bournemouth | Aberdeen | Norwich | Swindon | Swansea | Southend | Milton Keynes | Peterborough | Middlesbrough | Sunderland | Warrington | Huddersfield | Slough | Oxford | York | Poole | Telford | Cambridge | Ipswitch | Dundee | Gloucester | Blackpool | Birkenhead | Watford | Sale | Colchester | Newport | Solihull | Exeter | High Wycombe | Gateshead | Blackburn | Maidsstone | Salford | Cheltenham | Chelmsford | Basildon | Donacaster | Worthing | Basingstoke | Eastbourne | Rochdale | Crawley | Rotherham | Stockport | Gillingham | Woking | Sutton Coldfield | Wigan | Oldham | Wakefield | Lincoln | St. Helens | Bath | Worcester | Hemel Hempstead | Preston | Rayleigh | Barnsley | Stevenage | Southport | Hastings | Darlington | Bedford | Halifax | Hartlepool | Nuneaton | Chesterfield | Grimsby | Weston-super-Mare | Chester | Aylesbury | St. Albans | Harlow | Guildford | Derry / Londonderry | Stockton | Bracknell | Dudley | Scunthorpe | Batley | Burnley | Redditch | Eastleigh | Mansfield | Chatham | Bury | Newcastle-under-Lyme | West Bromwich | Paisley | South Shields | Burton | Shrewsbury | Rugby | East Kilbride | Grays | Carlisle | Ashford | Crewe | Tamworth | Gosport | Lowestoft | Atherton | Walsall | Stafford | Craigavon | Cannock | Bognor Regis | Tynemouth | Walton | Filton | Bamber Bridge | Maidenhead | Washington | Paignton | Newtonabbey | Loughbourough | Dewsbury | Rochester | Farnborough | Margate | Stourbridge | Hereford | Widnes | Canterbury | Taunton | Bangor | Runcorn | Scarborough | Ellesmere | Wrexham | Corby | Wallasey | Roual Tunbridge Wells | Kettering | Halesowen | Littlehampton | Aldershot | Gravesend | Bebington | Kidderminster | Royal Leamington Spa | Barry | Livingston | Christchurch | Macclesfield | Altrincham | Weymouth | Brentwell | Ewell | Hamlinton | Dunfermline | Beeston |Durham | Clacton | Folkestone | Keighley | Willenhall | Sittingbourne | Smethwick | Wellingborough | Esher | Bootle | Bloxwich | Lancaster | Welwyn Garden City | Torquay | Neath | Kingswinford | Horsham | Shoreham | Carlton | Cumbernauld | Crosby | KirkcaldyBirmingham | Glasgow | Liverpool | Bristol | Manchester | +198 more
95%
95RussiaSt. Petersburg | Novosibirsk | Yekaterinburg | Nizhny Novgorod | Kazan | Chelyabinsk | Omsk | Samara | Rostov | Ufa | Krasnoyarsk | Voronezh | Perm | Volgograd | Krasnodar | Saratov | Tyumen | Tolyatti | Izevsk | Barnaul | Ul'janovsk | Irkutsk | Chabarovsk | Jarosavl | Vladivostok | Makhachkala | Tomsk | Orenburg | Kemerovo | Novokuzneck | Ryazan | Astrakhan | Bresnev | Penza | Kirov | Lipeck | Ceboksary | Balasicha | Kaliningrad | Tula | Kursk | Sochi | Stavropol | Ulan-Ude | Tver | Magnitogorsk | Ivanovo | Bryansk | Belgorod | Surgut | Vladimir | Niznij Tagil | Chita | Arkhanglesk | Kaluga | Smolensk | Volzskij | Yakutsk | saransk | Cerepovec | Kurgan | Vologda | Orel | Vladikavkaz | Pololsk | Grozny | Murmansk | Tambov | Petrozavodsk | Sterlitamak | Niznevartovsk | Kostroma | Novorossijsk | Joskar-Ola | Chimki | Taganrog | Komsomolsk-na-amure | Syktyvkar | Niznekamsk | Nalchik | Sachty | Dzerzinsk | Orsk | Bratsk | Blagovescensk | Engels | Angarsk | Korolev | Velikij Novgorod | Staryj Oskol | Mytisci | Pskov | Ljubercy | Juzno-Sachalinsk | BijskSt. Petersburg | Novosibirsk | Yekaterinburg | Nizhny Novgorod | Kazan | +90 more
95%
48NetherlandsRotterdam | The Hague | Utrecht | Eindhoven | Leiden | Dordrecht | Tilburg | Haarlem | Almere | Heerlen | 's-Hertogenbosch | Nijmejen | Breda | Amersfoot | Enschede | Apeldoorn | Zoetermeer | Maastricht | Velsen | Armhem | Alkmaar | Zwolle | Leeuwarden | Hilversum | Venlo | Deventer | Purmerend | Helmond | Hoofddorp | Arnhem | Lelystad | Hoorn | Heerhugowaard | Gouda | Spijkenisse | Alphen | Ede | Almelo | Roosendaal | Assen | Veenendaal | Niuewegein | Oss | Hengelo | Barendrecht | Emmen | Zeist | BergenRotterdam | The Hague | Utrecht | Eindhoven | Leiden | +43 more
94%
16PortugalPorto | Vila Nova de Gaia | Amadora | Braga | Funchal | Coimbra | Setubal | Almada | Agualva-Cacem | Queluz | Rio Tinto | Barreiro | Aveiro | Viseu | Odivelas | LeiriaPorto | Vila Nova de Gaia | Amadora | Braga | Funchal | +11 more
91%
24BelgiumAntwerp | Liege | Ghent | Charleroi | Kortrijk | Mons | Hasselt | Leuven | La Louviere | Aalst | Mechelen | Brugge | Ostend | Saint-Nicholas | Roulers | Namur | Ninove | Genk | Verviers | Mouscron | Sombreville | Turnhout | Tournai | HoyAntwerp | Liege | Ghent | Charleroi | Kortrijk | +19 more
91%
83PolandKrakow | Lodz | Wroclaw | Poznan | Gdansk | Szczecin | Byzgoszcz | Lublin | Bialystok | Katowice | Gydnia | Czestochowa | Radom | Torun | Sosnowiec | Kielce | Rzeszow | Gliwice | Zabrze | Olsztyn | Bielsko-Biala | Bytom | Zielona Gora | Rybnik | Ruda Slaska | Opole | Tychy | Gorzow Wielkopolski | Dabrowa Gornicza | Elblag | Plock | Walbrzych | Wloclawek | Tarnow | Chorzow | Koszalin | Kalisz | Legnica | Grudziadz | Jaworzno | Slupsk | Jastrzebie-Zdroj | Nowy Sacz | Jelenia Gora | Siedlce | Myslowice | Konin | Piotrkow Trybunalski | Pila | Inowroclaw | Lubin | Ostrow Wielkopolski | Suwalki | Ostrowiec Swietokrzyski | Gniezo | Stargard Szczecinski | Glogow | Siemianowice Slaskie | Pabianice | Leszno | Zamosc | Lomza | chelm | Tomaszow Mazowiecki | Zory | Elk | Pruszkow | Tarnowskie Gory | Przemysl | Stalowa Wola | Kedzierzyn-Kozle | Mielec | Tszew | Belchatow | Biala Podlaska | Swidnica | Bedzin | Zgierz | Piekary Slaskie | Raciborz | Legionowo | Ostroleka | SwietochlowiceKrakow | Lodz | Wroclaw | Poznan | Gdansk | +78 more
90%
8AustriaGraz | Linz | Salzburg | Innsbruck | Klagenfurt | Villach | Wels | Sankt PoltenGraz | Linz | Salzburg | Innsbruck | Klagenfurt | +3 more
90%
19GreeceThessaloniki | Patras | Heraklion | Larissa | Volos | Acharnai | Chania | Ioannia | Chalkis | Trikala | Agrinio | Katerini | Kalamata | Serrai | Alexandroupoli | Xanthi | Kavala | Lamia | KomotiniThessaloniki | Patras | Heraklion | Larissa | Volos | + 14 more
88%
8SwitzerlandGeneva | Basel | Lausanne | Winterthur | Lucerne | St. Gallen | Logano | BielGeneva | Basel | Lausanne | Winterthur | Lucerne | +3 more
88%
21SwedenGoteborg | Malmo | Uppsala | Vasteras | Orebro | Linkoping | Helsingborg | Jonkoping | Norrkoping | Lund | Umea | Boras | Gavle | Eskilstuns | Sodertalje | Halmstad | Vaxjo | Karlstad | Sundsvall | Ostersund | TrollhattanGoteborg | Malmo | Uppsala | Vasteras | Orebro | +16 more
88%
5IrelandCork | Limerick | Galway | Waterford | DroghedaCork | Limerick | Galway | Waterford | Drogheda
87%
9NorwayBergen | Stavanger | Trondheim | Fredrikstad | Drammen | Skien | Kristiansand | Alesund | TonsbergBergen | Stavanger | Trondheim | Fredrikstad | Drammen | +4 more
82%
84UkraineKharkiv | Odessa | Dnipro | Donetsk | Zaporizhia | Lviv | Kryvyi Rih | Mykolaiv | Mariupol | Luhansk | Sevastopol | Vinnytsia | Makiivka | Simferpol | Cherson | Poltava | Cernihiv | Cerkasy | Khmelnytskyi | Chernivti | Zhytomyr | Sumy | Rivne | Horlivka | Ivano-Frankivsk | Kamjanske | Kropyvnycskyj | Ternopil | Kremencuk | Lutsk / Luck | Bila Cerkva | Kramatorsk | Melitopol | Kerch | Uzhhorod | Nikopol | Berdiansk | Sloviansk | Evp | Brovary | Pavlohrad | Severodoneck | Kamjanec-Poodilskji | Lysycansk | Konotop | Mukacheve | Uman | Chrustalnyj | Oleksandrija | Yalta | Enakieve | Drohobyc | Berdyciv | Sostka | Kadivka | Bachmut | Izmail | Kostjantynivka | Novomoskovsk | Nizyn | Kovel | Feodosija | Smila | Cervonohrad | Kalus | Pervomajsk | Dovzansk | Korosten | Pokrovsk | Boryspil | Kolomyja | Stryj | Cornomorsk | Rubizne | Charzyzk | Druzkivka | Irpin | Novohrad-Volyskyj | Lozova | Chystjakove | Pryluky | Enerhodar | Antracyt | NovovolynskKharkiv | Odessa | Dnipro | Donetsk | Zaporizhia | +79 more
81%
7CroatiaSplit | Rijeka | Osijek | Zadar | Pula | Sesvete | Slavonski BrodSplit | Rijeka | Osijek | Zadar | Pula | +2 more
80%
17Czech RepublicBrno | Ostrava | Plzen | Liberec | Olomouc | Budweis | Ústí nad Labem | Hradec Králové | Pardubice | Zlin | Havirov | Kladno | Most | Opava | Frýdek-Místek | Karvina | JihlavaBrno | Ostrava | Plzen | Liberec | Olomouc | +12 more
76%
10DenmarkAarhus | Odense | Aalborg | Esbjerg | Randers | Kolding | Horsens | Vejle | Roskilde | HerningAarhus | Odense | Aalborg | Esbjerg | Randers | +5 more
72%
20FinlandEspoo | Tampere | Vantaa | Oulu | Turku | Jyvaskyla | Lahti | Kuopio | Proi | Kouvola | Joensuu | Lappeenranta | Vaasa | Hameenlinna | Seinajoki | Rovaniemi | Mikkeli | Kotka | Salo | PorvooEspoo | Tampere | Vantaa | Oulu | Turku | +15 more
70%
40RomaniaCluj-Napoca | Timisoara | Iasi | Constanta | Craiova | Brasov | Lalati | Ploiesti | Oradea | Braila | Arad | Pitesti | Sibiu | Bacau | Targu Mures | Baia Mare | Buzau | Botosani | Satu Mare | Ramnicu Valcea | Drobeta | Suceava | Piatra Neamt | Targu Jiu | Targoviste | Focsani | Bistrita | Tulcea | Resita | Slatina | Calarasi | Albi Iulia | Giurgiu | Deva | Hunedoara | Zalau | Sfantu Gheorge | Barlad | Vaslui | RomanCluj-Napoca | Timisoara | Iasi | Constanta | Craiova | +35 more
65%
17BulgariaPlovdiv | Varna | Burgas | Ruse | Stara Zagora | Pleven | Sliven | Dobrich | Shumen | Pernik | Haskovo | Blagoevgrad | Veliko Tǎrnovo | Pazardhik | Jambol | Vratsa | GabrovoPlovdiv | Varna | Burgas | Ruse | Stara Zagora | +12 more
63%
5MontenegroNiksic | Pljevlja | Cetinje | Bar | BudvaNiksic | Pljevlja | Cetinje | Bar | Budva
59%
16SerbiaNovi Sad | Nis | Kragujevac | Subotica | Zrenjanin | Pancevo | Cacak | Novi Pazar | Kraljevo | Smederevo | Lesvovak | Valjevo | Krusevac | Vranje | Sabac | UziceNovi Sad | Nis | Kragujevac | Subotica | Zrenjanin | +11 more
58%
18HungaryDebrecen | Szeged | Miskolc | Pecs | Gyor | Nyiregyhaza | Kecskemet | Szekesfehervar | Szombathely | Szolnok | Erd | Tatabanya | Sopron | Kaposvar | Veszprem | Bekescsaba | Zalaegerszeg | EgerDebrecen | Szeged | Miskolc | Pecs | Gyor | +13 more
56%
5LithuaniaKaunas | Klaipeda | Siauliai | Panevezys | AlytusKaunas | Klaipeda | Siauliai | Panevezys | Alytus
55%
5Bosnia and HerzegovinaBanja Luka | Tuzla | Zenica | Mostar | BijeljinaBanja Luka | Tuzla | Zenica | Mostar | Bijeljina
52%
22BelarusGomel | Mahilou | Viciebsk | Hrodna | Brest | Babruysk | Baranovichi | Barysaw | Pinsk | Orsha | Mozyr | Saligorsk | Lida | Navapolatsk | Maladzyechna | Polotsk | Zlobin | Sveltlogorsk | Rechytsa | Zhodzina | Slutsk | KobrinGomel | Mahilou | Viciebsk | Hrodna | Brest | +17 more
52%
6AlbaniaDurrës | Vlorë | Elbasan | Shkodër | Fier | KorceDurrës | Vlorë | Elbasan | Shkodër | Fier | Korce
49%
9SlovakiaKosice | Presov | Zillina | Banska Bystrica | Nitra | Trnava | Trencin | Martin | PopradKosice | Presov | Zillina | Banska Bystrica | Nitra | +4 more
44%
5MoldovaTiraspol | Balti | Bender | Ribnita | UgheniTiraspol | Balti | Bender | Ribnita | Ugheni
43%
5SloveniaMaribor | Celje | Kranj | Koper | VelenjeMaribor | Celje | Kranj | Koper | Velenje
41%
5MaltaBirkirkara | Sliema | Mosta | Qormi | ZabbarBirkirkara | Sliema | Mosta | Qormi | Zabbar
38%
5EstoniaTartu | Narva | Parnu | Kohtla-Jarve | ViljandiTartu | Narva | Parnu | Kohtla-Jarve | Viljandi
34%
5LatviaDaugavpils | Liepaja | Jelgava | Jurmala | VentpilsDaugavpils | Liepaja | Jelgava | Jurmala | Ventpils
27%
5IcelandKeflavik | Akureyri | Selfoss | Akranes | VestmannaeyjarKeflavik | Akureyri | Selfoss | Akranes | Vestmannaeyjar
27%
5LuxembourgEsch-sur-Alzette | Petange | Dudelange | Ettelbruck | KaylEsch-sur-Alzette | Petange | Dudelange | Ettelbruck | Kayl
25%
5KosovoPrizren | Gjilan | Pec | Mitrovice | FerizajPrizren | Gjilan | Pec | Mitrovice | Ferizaj
23%
5North MacedoniaKumanovo | Bitola | Prilep | Tetovo | StipKumanovo | Bitola | Prilep | Tetovo | Stip
20%
5AndorraLes Escaldes | Sant Julia | Encamp | La Massana | Santa ColomaLes Escaldes | Sant Julia | Encamp | La Massana | Santa Coloma
18%
5LiechtensteinTriesen | Balzers | Eschen | Mauren | TriesenbergTriesen | Balzers | Eschen | Mauren | Triesenberg
10%
5San MarinoBorgo Maggiore | Domagnano | Fiorentino | Acquaviva | FaetanoBorgo Maggiore | Domagnano | Fiorentino | Acquaviva | Faetano
9%

Score Distribution

Percentile by Number Answered

Percent of People with Each Score

Your Score History

You have not taken this quiz